000 00740nam a2200169Ia 4500
999 _c52580
_d52580
003 GCL
005 20240530105025.0
008 140319s9999 xx 000 0 ara d
040 _aGCL /
_cGCL
082 0 4 _a235.6
_bم س
100 1 _aابن ماجة ، ابو عبدالله محمد بن يزيد الربعى القزوينى
245 1 0 _aسنن الحافظ ابى عبد الله محمد بن يزيد القزوينى /
_cابن ماجة ، ابو عبدالله محمد بن يزيد الربعى القزوينى ؛ تحقيق محمد فؤاد عبدالباقى
260 _a[S.N] :
_bدار احياء الكتب العربية ،
300 _aاجزاء
650 0 4 _aالاحاديث النبوية
942 _2ddc
_cBK